Исследование расположения выгорающих поглотителей в тепловыделющей сборке реактора ВВЭР-1000; Современные техника и технологии; Т. 3

ग्रंथसूची विवरण
Parent link:Современные техника и технологии: сборник трудов XX международной научно-практической конференции студентов, аспирантов и молодых ученых, Томск, 14-18 апреля 2014 г./ Национальный исследовательский Томский политехнический университет (ТПУ).— , 2014
Т. 3.— 2014.— [С. 31-32]
मुख्य लेखक: Монгуш С. А.
निगमित लेखक: Национальный исследовательский Томский политехнический университет (ТПУ) Физико-технический институт (ФТИ) Кафедра физико-энергетических установок (№ 21) (ФЭУ)
अन्य लेखक: Шматок А. А. (научный руководитель), Наймушин А. Г. Артем Георгиевич
सारांश:Заглавие с титульного экрана
भाषा:रूसी
प्रकाशित: 2014
श्रृंखला:Физические методы в науке и технике
विषय:
ऑनलाइन पहुंच:http://earchive.tpu.ru/handle/11683/20869
http://www.lib.tpu.ru/fulltext/c/2014/C01/V3/014.pdf
स्वरूप: इलेक्ट्रोनिक पुस्तक अध्याय
KOHA link:https://koha.lib.tpu.ru/cgi-bin/koha/opac-detail.pl?biblionumber=607159

MARC

LEADER 00000naa2a2200000 4500
001 607159
005 20260320162809.0
035 |a (RuTPU)RU\TPU\conf\4540 
035 |a RU\TPU\conf\4538 
090 |a 607159 
100 |a 20140702d2014 k y0rusy50 ca 
101 0 |a rus 
102 |a RU 
135 |a drcn ---uucaa 
181 0 |a i  
182 0 |a b 
200 1 |a Исследование расположения выгорающих поглотителей в тепловыделющей сборке реактора ВВЭР-1000  |f С. А. Монгуш, А. А. Шматок  |g науч. рук. А. Г. Наймушин 
203 |a Текст  |c электронный 
225 1 |a Физические методы в науке и технике 
300 |a Заглавие с титульного экрана 
320 |a [Библиогр.: с. 32 (6 назв.)] 
337 |a Adobe Reader 
461 1 |0 (RuTPU)RU\TPU\conf\3687  |t Современные техника и технологии  |o сборник трудов XX международной научно-практической конференции студентов, аспирантов и молодых ученых, Томск, 14-18 апреля 2014 г.  |o в 3 т.  |f Национальный исследовательский Томский политехнический университет (ТПУ)   |d 2014 
463 1 |0 (RuTPU)RU\TPU\conf\3691  |t Т. 3  |v [С. 31-32]  |d 2014 
610 1 |a труды учёных ТПУ 
610 1 |a электронный ресурс 
610 1 |a выгорающие поглотители 
610 1 |a тепловыделяющая сборка 
610 1 |a реакторы 
610 1 |a ВВЭР-1000 
610 1 |a ядерное топливо 
700 1 |a Монгуш  |b С. А. 
701 1 |a Шматок  |b А. А. 
702 1 |a Наймушин  |b А. Г.  |c специалист в области ядерных технологий  |c ассистент Томского политехнического университета  |f 1986-  |g Артем Георгиевич  |4 727 
712 0 2 |a Национальный исследовательский Томский политехнический университет (ТПУ)  |b Физико-технический институт (ФТИ)  |b Кафедра физико-энергетических установок (№ 21) (ФЭУ)  |3 (RuTPU)RU\TPU\col\18730 
801 2 |a RU  |b 63413507  |c 20210312  |g RCR 
856 4 |u http://earchive.tpu.ru/handle/11683/20869 
856 4 |u http://www.lib.tpu.ru/fulltext/c/2014/C01/V3/014.pdf 
942 |c CF